Datum a čas kvízu
40
Celkem bodů
Celkový počet nahraných bodů na tomto kvízu bez doplňovacích otázek.
2.
Pořadí na kvízu
Konečné umístění týmu na tomto kvízu.
Zaznamenané odpovědi
| # | Otázka | Odpověď | Body | Výsledky |
|---|---|---|---|---|
| 1. | Prorektor Univerzity Karlovy ú... | Aleš Gerloch | 0 | |
| 2. | Máte doma v lednici Power Natu... | viagru, erekci | 1 | |
| 3. | Jistá populární facebooková st... | Opráski sčeskí historje | 1 | |
| 4. | Novou odrůdu meruněk jménem So... | šarka | 1 | |
| 5. | Obhájce hokejového titulu Kome... | Martin Zaťovič | 1 | |
| 6. | Dnešní cestovatelské téma se b... | Córdoba | 0 | |
| 7. | Terminál letiště a mnoho další... | Pablo Picasso | 1 | |
| 8. | Ze hry Osvobozeného divadla Ru... | Sevilla (v Seville) | 1 | |
| 9. | Jak se jmenuje antický hrdina,... | Héraklés (též Herkules) | 1 | |
| 10. | Na obrázku vidíte radnici v př... | Juan Carlos I. | 1 |